000 00283nam a22001337a 4500
008 181107b xxu||||| |||| 00| 0 eng d
020 _a9781444146622
041 _aeng
080 _a573
100 _a9
101 _aMJE
245 _aThe Global Casino
_cNick.M
942 _2udc
_cBK
999 _c52107
_d52107